Diálogos sobre educación moral
Saved in:
| Main Authors: | , |
|---|---|
| Format: | Bog |
| Sprog: | spansk |
| Udgivet: |
Bilbao
Desclée de Brouwer
1999
|
| Serier: | Colección Aprender a Ser
|
| Fag: | |
| Tags: |
Tilføj Tag
Ingen Tags, Vær først til at tagge denne postø!
|
MARC
| LEADER | 00000nam a2200000 a 4500 | ||
|---|---|---|---|
| 001 | UCP8820 | ||
| 003 | CL-VaPUC | ||
| 008 | 000317e19990000SP |||||||||||||||||spa|d | ||
| 082 | 0 | 4 | |a 370.114 |b WIL |2 21 |
| 100 | 0 | |a Wilson, John |e author |9 439064 | |
| 700 | 0 | |a Cowell, Barbara |e author |9 439065 | |
| 245 | 1 | 0 | |a Diálogos sobre educación moral |
| 300 | |a 148 p | ||
| 942 | |c BK | ||
| 945 | |d 20000317 00:00:00 |a rbrito | ||
| 260 | |a Bilbao |b Desclée de Brouwer |c 1999 | ||
| 650 | 0 | |a Educación moral |9 308319 | |
| 650 | 0 | |a Ética |9 255099 | |
| 650 | 0 | |a Valores sociales |9 309627 | |
| 650 | 0 | |a Filosofía de la educación |9 258384 | |
| 583 | |a last modification |c 20000317 00:00:00 |k Rodrigo Vera | ||
| 490 | 0 | |a Colección Aprender a Ser | |
| 999 | |c 285703 |d 285701 | ||
| 952 | |0 0 |1 0 |4 0 |6 370_114000000000000_WIL_1999 |7 0 |8 A |9 330465 |a BIBEDU |b BIBEDU |d 2019-11-20 |i 3595676 |o 370.114 WIL 1999 |p 3595676 |r 2019-11-20 |w 2019-11-20 |y BK |k EPE | ||